LEADER 00897nam a2200241 i 4500 001 000000202850 003 CaOOAMICUS 005 20240408143302.0 008 151028s1958 it u000 u ita u 013 $a181561 040 $aSeMil$bita 100 1 $aO'Hara, John Henry,$d<1905-1970>.$0(OLS)http://semarc/name/62322 245 13$aUn pugno di polvere /$cJohn O'Hara. 260 $aMilano :$bMartello,$c1958. 300 $a519 p. ;$c20 cm. 490 0 $aLa piramide [Martello] ;$v51 830 3$aLa piramide ;$v51.$0(OLS)http://semarc/title/419905 850 $aSeMil 852 $aSeMil$W1$xVenegono$y1$m1V II 234$j153349$B153349$CSeMilBibl$Z2$F207630 $81 961 $aOmaggio: Istituto San Vincenzo 996 $6245$aUn pugno di polvere$9(OLS)http://semarc/title/293609 996 $6260$aMilano :$bMartello$9(OLS)http://semarc/publisher/29668 LEADER 00694nam a2200181 i 4500 001 000000110851 003 CaOOAMICUS 005 20260409121658.0 008 021217n fr u000 u fre u 040 $aSeMil$bita 245 10$a[A-L]. 300 $aXXI, 1156 p. 773 0 $tDictionnaire historique de la langue française.$dParis : Dictionnaires Le Robert, 1992.$z2-85036-187-9$w()8193 850 $aSeMil 852 $aSeMil$W1$xVenegono$y1$mSL1.A IV 12/1$j269954$B66710$CSeMilBibl$Z2$F83661 $8I 961 $aOmaggio: Martini Card. Carlo Maria. -- Dedica autografa di Alessandro Antoniazzi al Card. C.M. Martini. 996 $6245$a[A-L]$9(OLS)http://semarc/title/76840